IBM personal computer : troubleshooting & repair for the IBM PC, PC/XT, and PC AT
Saved in:
| Main Author: | |
|---|---|
| Format: | Book |
| Language: | English |
| Published: |
Indianapolis, Ind., USA :
H.W. Sams,
c1989
|
| Subjects: | |
| Tags: |
Add Tag
No Tags, Be the first to tag this record!
|
MARC
| LEADER | 00000nam a2200000 i 4500 | ||
|---|---|---|---|
| 001 | 1/40647 | ||
| 008 | 971114s19891990 eng d | ||
| 020 | |a 0672226626 | ||
| 035 | |l 10041305 | ||
| 035 | |a 1997 |c ΔΩΡΕΑ ΤΖΑΦΕΡΗ | ||
| 040 | |a GR-MY-UA |b gre |e aacr | ||
| 041 | 0 | |a eng | |
| 082 | 0 | |a 621.3916 | |
| 100 | 1 | |a Brenner, Robert C. | |
| 245 | 1 | 0 | |a IBM personal computer : |b troubleshooting & repair for the IBM PC, PC/XT, and PC AT / |c Robert C. Brenner |
| 260 | |a Indianapolis, Ind., USA : |b H.W. Sams, |c c1989 | ||
| 300 | |a xx, 488 p.; |b ill.; |c 25 cm. | ||
| 500 | |a Includes bibliographical references (p. 467-475) and index | ||
| 650 | 0 | 0 | |a IBM Personal Computer |x Maintenance and repair. |
| 650 | 0 | 0 | |a IBM Personal Computer AT |x Maintenance and repair. |
| 650 | 0 | 0 | |a IBM Personal Computer XT |x Maintenance and repair. |
| 852 | |a INST |b SAMOS |e 19971114 |h 621.3916 BRE |p 005300008496 |q 005300008496 |t BK |y 0 | ||
| 901 | |a BIBL-1997-2 | ||
| 909 | |a Σ |b 050387 | ||